|
|
|
|
| LEADER |
00000nam0a2200000 4500 |
| 001 |
102024 |
| 005 |
20231031112828.0 |
| 010 |
|
|
|a 589527062X
|
| 035 |
|
|
|a (RuTPU)RU\TPU\book\110023
|
| 090 |
|
|
|a 102024
|
| 100 |
|
|
|a 20060919d2002 km y0rusy50 ca
|
| 101 |
0 |
|
|a rus
|
| 102 |
|
|
|a RU
|
| 105 |
|
|
|a y z 001zy
|
| 200 |
1 |
|
|a Особенности инновационного предпринимательства и управление его развитием
|f П. М. Бегиджанов
|
| 210 |
|
|
|a Москва
|c Монолит
|d 2002
|
| 215 |
|
|
|a 411 с.
|
| 225 |
1 |
|
|a Теория и практика коммерциализации технологий
|
| 320 |
|
|
|a Библиогр.: с. 369.
|
| 330 |
|
|
|a Подготовка настоящего издания финансировалось Министерством промышленности, науки и технологий Российской Федерации. Книга является восьмым выпуском серии «Теория и практика коммерциализации технологий», издаваемой в Центре коммерциализации технологий Академии народного хозяйства при Правительстве Российской Федерации на основе анализа российского и зарубежного опыта и разработанных оригинальных методических материалов. Вопросы, рассмотренные в данном издании, являются базовыми для подготовки специалистов инновационной деятельности в научно-технической и промышленой сферах. Книга даёт представление об основных проблемах, возникающих при создании новой высокотехнологичной фирмы и в процессе её деятельности, знакомит читателя с зарубежным опытом и со спецификой российских условий. Книга предназначена в качестве хрестоматии для подготовки менеджеров, экспертов, консультантов, а также будет полезна всем специалистам, работающим в сфере коммерциализации результатов исследований и разработок, венчурного бизнеса, стратегического развития компаний и управления инновациями. Материалами для разделов послужили результаты работ, осуществлённых по проекту «Моделирование процессов исследований и распространения результатов фундаментальных исследований» и выполненных на средства гранта РФФИ №00-06-80123.
|
| 610 |
1 |
|
|a экономика
|
| 610 |
1 |
|
|a бизнес
|
| 610 |
1 |
|
|a инновации
|
| 610 |
1 |
|
|a предпринимательство
|
| 610 |
1 |
|
|a инновационная деятельность
|
| 610 |
1 |
|
|a коммерциализация
|
| 610 |
1 |
|
|a научно-технические разработки
|
| 610 |
1 |
|
|a управление
|
| 610 |
1 |
|
|a венчурный бизнес
|
| 686 |
|
|
|a У9(2)0-551
|v LBC/SL-A
|2 rubbk
|
| 700 |
|
1 |
|a Бегиджанов
|b П. М.
|
| 712 |
0 |
2 |
|a Академия народного хозяйства при Правительстве Российской Федерации
|2 stltpush
|3 (RuTPU)RU\TPU\col\415
|
| 801 |
|
1 |
|a RU
|b 63413507
|c 20060919
|g PSBO
|
| 801 |
|
2 |
|a RU
|b 63413507
|c 20080206
|g PSBO
|
| 900 |
|
|
|a Инновации в социально-культурном сервисе и туризме
|
| 942 |
|
|
|c BK
|